000 00301nam a22001337a 4500
008 170623b xxu||||| |||| 00| 0 eng d
020 _a066908901
041 _aeng
080 _a32
100 _a21
101 _aSHP
245 _aEUROPEAN POLITICS IN TRANSITION
_cKESSELMAB.M
942 _2udc
_cBK
999 _c18942
_d18942